| 000 | 01777nam a2200337 a 4500 | ||
|---|---|---|---|
| 001 | BRCA_2432 | ||
| 005 | 20190320203815.0 | ||
| 008 | 141108s1787----sp-a---###---#000-0dspa-u | ||
| 041 | _aspa | ||
| 044 | _asp | ||
| 084 |
_a073 _b.I24 _c1787 |
||
| 100 | 1 |
_aCervantes Saavedra, Miguel de _d1547-1616 _9213 |
|
| 245 | 1 | 0 |
_aEl Ingenioso Hidalgo Don Quixote de la Mancha _ccompuesto por Miguel de Cervantes Saavedra. |
| 250 | _a3 | ||
| 260 |
_aMadrid _bViuda de Ibarra _c1787 |
||
| 300 |
_a6 v. _bil. _c18 cm. |
||
| 500 | _aContenido : v 1. Primera parte. Prólogo de la Real Academia. Retrato de Cervantes. Vida de Cervantes y análisis del Quijote por V. de los Ríos. Plan cronológico del Quijote. Pruebas y documentos que justifican la Vida por el mismo. Principios de la primera edición. Dedicatoria. Prólogo del autor. Versos preliminares. Mapa. Texto. -- v 2. Texto. -- v 3. Texto. -- v 4. Segunda parte. Principios de la edición príncipe. Dedicatoria. Prólogo del autor. Texto. -- v 5. Texto. -- v 6. Texto | ||
| 500 | _aEdición : Tercera edición corregida por la Real Academina Española | ||
| 500 | _aEjemplar por completo igual al LO-72. Piel; lomeras adornadas con filetes dorados Lúdovik Osterc | ||
| 500 | _aEstado físico : Encuadernación ligeramente desprendida | ||
| 500 | _aCon ex-libris de : Francis Bayard Rives | ||
| 500 | _aQM58 | ||
| 650 | 1 | 4 |
_aNovela española _yÉpoca clásica, 1500-1700 _9215 |
| 650 | 1 | 4 |
_aLiteratura española _yÉpoca clásica, 1500-1700 _9216 |
| 650 | 1 | 4 |
_aNovela española _ySiglo XVII _9217 |
| 650 | 1 | 4 |
_aDon Quijote (Personaje ficticio) _eNovela _9218 |
| 700 | 1 |
_aRíos, Vicente de los _d1732-1779 _eBiógrafo _97115 |
|
| 740 | 0 | _aEl Ingenioso Hidalgo Don Quijote de la Mancha | |
| 902 | _aQFM | ||
| 942 |
_2lcc _cB |
||
| 999 |
_c2173 _d2173 |
||